| 000 | 00669nam a2200253Ia 4500 | ||
|---|---|---|---|
| 003 | OSt | ||
| 005 | 20221005083807.0 | ||
| 006 | a|||||r|||| 00| 0 | ||
| 007 | ta | ||
| 008 | 221004b |||||||| |||| 00| 0 eng d | ||
| 020 | _a068249948X | ||
| 024 | _a79215 | ||
| 037 | _cTextual | ||
| 040 |
_aCRL _cCRL _beng |
||
| 041 |
_2eng _aeng |
||
| 082 | _aQ7, M3 | ||
| 100 |
_aSwarup Ram _9395693 |
||
| 245 | 0 |
_aUnderstanding Islam through hadis _b Religious faith or fanaticism ? |
|
| 260 |
_aNew Delhi _bVoice of India India _c1983 |
||
| 300 |
_a257p. _ccm. |
||
| 650 | _aRELIGION | ||
| 942 |
_hQ7, M3 _cTEXL _2cc |
||
| 999 |
_c991534 _d991534 |
||